Animal Crossing - les Villageois Loups [avec image] - Statistiques

Statistiques générales
  • Ce quiz a été pris 18 fois
  • Le résultat moyen est 8 sur 12
Statistiques - réponses
Par images Réponse % Correct
Monica
92%
Blanche
85%
Link l.
77%
Pierrot
77%
Loupiot
69%
Luppa
69%
Marilou
69%
Wolfgang
69%
Gary
62%
Chef
54%
Lobo
54%
Viviane
54%
Aucun quiz correspondant
Distribution des résultats
% des personnes avec chaque résultat
Percentile par nombre de réponses
Votre historique - résultats
Vous n’avez pas pris ce quiz